| 000 | 00541nam a22001697i 4500 | ||
|---|---|---|---|
| 999 |
_c23273 _d23273 |
||
| 003 | AR-CdUCM | ||
| 008 | 250421b20202020 pe||||| |||| 00| 0 spa d | ||
| 040 |
_aMUNICIPALIDAD PROVINCIAL DEL CUSCO _cBIBLIOTECA MUNICIPAL DEL CUSCO |
||
| 082 |
_aPI / 372 / S64 _bS64 |
||
| 110 |
_aSociedad Zoológica de Fráncfort _927904 |
||
| 245 | _aTati la Taricaya / | ||
| 260 |
_aLima : _bDany's Graff _c2020 |
||
| 300 |
_a16 páginas. : _bIlustraciones _c29x21 cm. |
||
| 650 |
_aPrimera infancia _924660 |
||
| 942 |
_2ddc _cLIBROS |
||
| 945 |
_apbjr _d21-04-2025 |
||